Super Mario Maker 2 Editor Items - Statistics

General Stats
  • This quiz has been taken 63 times
  • The average score is 71 of 168
Answer Stats
Hint Answer % Correct
Boo
85%
SMB, SMB3, NSMBU & 3DW Goomba
85%
SMB, SMB3, SMW & NSMBU Bowser
83%
Fire Flower
80%
Ground
80%
Block
78%
? Block
78%
3DW ! Block
78%
SMB, SMB3, SMW & NSMBU Bowser Jr.
78%
Coin
75%
Koopa Troopa
73%
ON/OFF Switch
73%
3DW ON/OFF Trampoline
73%
Super Mushroom
73%
SMB, SMB3, SMW & NSMBU Wendy
73%
SMB, SMB3, SMW & NSMBU Lemmy
70%
Pipe
70%
SMB, SMB3, SMW & NSMBU Roy
70%
SMB, SMB3, SMW & NSMBU Ludwig
68%
P Switch
68%
Spike
68%
Key
65%
SMB, SMB3, SMW & NSMBU Cannon
63%
3DW Meowser
63%
POW Block
63%
Boom Boom
60%
Cheep Cheep
60%
Dry Bones
60%
SMB, SMB3, SMW & NSMBU Iggy
60%
Pokey
60%
Thwomp
60%
SMB, SMB3, SMW & NSMBU Larry
58%
SMB, SMB3, SMW & NSMBU Morton
58%
Spiny
58%
Steep Slope
58%
1-Up Mushroom
55%
SMW Galoomba
55%
Hard Block
55%
Key Door
55%
SMB, SMB3, SMW & NSMBU Muncher
55%
Piranha Plant
55%
3DW Variant Pom Pom
55%
SMB SMB2 Mushroom
55%
3DW Super Bell
55%
Super Star
55%
Trampoline
55%
10-Coin
53%
SMB, SMB3, SMW & NSMBU Buzzy Beetle
53%
Gentle Slope
53%
Ice Block
53%
SMB, SMB3, SMW & NSMBU Lakitu
53%
Snow Variant Snowball
53%
Variant 30-Coin
50%
Variant 50-Coin
50%
3DW Clear Pipe
50%
Cloud Block
50%
Donut Block
50%
Semisolid Platform
50%
SMB, SMB3, SMW & NSMBU Track
50%
SMB, SMB3, SMW & NSMBU Vine
50%
Blooper
48%
Bob-omb
48%
3DW Goomba Mask
48%
Hammer Bro
48%
Icicle
48%
NSMBU Super Acorn
48%
3DW Variant Fire Bro
45%
SMB3 Frog Suit
45%
SMB, SMB3 & NSMBU Variant Goombrat
45%
Variant Spike Ball
45%
SMB, SMB3, SMW & NSMBU Spike Top
45%
SMB Variant Superball Flower
45%
SMB, SMB3, SMW & NSMBU Day Angry Sun
43%
SMB, SMB3, SMW & NSMBU Bridge
43%
SMB, SMB3, SMW & NSMBU Bumper
43%
SMB Variant Master Sword
43%
SMB, SMB3, SMW & NSMBU Mushroom Platform
43%
Pink Coin
43%
NSMBU Propeller Mushroom
43%
3DW Super Hammer
43%
SMB, SMB3, SMW & NSMBU Wiggler
43%
3DW Bullet Bill Mask
40%
SMW Cape Feather
40%
SMB, SMB3, SMW & NSMBU Chain Chomp
40%
Hidden Block
40%
Kamek
40%
Lava Bubble
40%
SMB, SMB3, SMW & NSMBU Monty Mole
40%
P Block
40%
3DW Warp Box
40%
Banzai Bill
38%
SMB Big Mushroom
38%
3DW Cannon Box
38%
SMB, SMB3, SMW & NSMBU Grinder
38%
SMB, SMB3, SMW & NSMBU Lift
38%
SMB, SMB3, SMW & NSMBU Night Moon
38%
SMB & SMB3 Shoe Goomba
38%
Snow Snow Pokey
38%
SMB3 Super Leaf
38%
3DW Tree
38%
Twister
38%
3DW Bully
35%
Conveyor Belt
35%
SMB, SMB3, SMW & NSMBU Fire Bar
35%
SMW Variant Goombud
35%
SMB, SMB3, SMW & NSMBU Koopa Clown Car
35%
SMB, SMB3, SMW & NSMBU Mechakoopa
35%
SMB, SMB3, SMW & NSMBU Note Block
35%
3DW Red POW Block
35%
SMB, SMB3, SMW & NSMBU Seesaw
35%
3DW Skipsqueak
35%
3DW Spike Block
35%
SMB, SMB3, SMW & NSMBU Spike Trap
35%
Bill Blaster
33%
Checkpoint Flag
33%
3DW Propeller Box
33%
SMB, SMB3, SMW & NSMBU Rocky Wrench
33%
Night Rotten Mushroom
33%
SMW & NSMBU Yoshi's Egg
33%
3DW Boomerang Flower
30%
3DW Dash Block
30%
Dotted-Line Block
30%
Variant Fire Piranha Plant
30%
SMB, SMB3, SMW & NSMBU One-Way Wall
30%
Snake Block
30%
SMB & SMB3 Stiletto Goomba
30%
Warp Door
30%
3DW Ant Trooper
28%
SMB, SMB3, SMW & NSMBU Burner
28%
3DW Crate
28%
Fish Bone
28%
SMB, SMB3, SMW & NSMBU Variant Flimsy Lift
28%
3DW Koopa Troopa Car
28%
3DW Variant Peepa
28%
3DW Piranha Creeper
28%
SMW Power Balloon
28%
SMB, SMB3, SMW & NSMBU Swinging Claw
28%
SMB Variant Cursed Key
25%
SMB, SMB3, SMW & NSMBU Variant Frozen Coin
25%
3DW Red POW Box
25%
SMB, SMB3, SMW & NSMBU Variant Blasta Mechakoopa
23%
SMB, SMB3, SMW & NSMBU Variant Blooper Nanny
23%
SMB, SMB3, SMW & NSMBU Variant Boo Buddies
23%
SMB, SMB3, SMW & NSMBU Variant Fire Koopa Clown Car
23%
3DW Mushroom Trampoline
23%
3DW Charvaargh
20%
Variant Lit Bob-omb
20%
SMB, SMB3, SMW & NSMBU Variant Music Block
20%
3DW Porcupuffer
20%
3DW Stingby
20%
SMB, SMB3, SMW & NSMBU Variant Zappa Mechakoopa
20%
Arrow Sign
18%
3DW Blinking Block
18%
Variant Fast Snake Block
18%
SMB, SMB3, SMW & NSMBU Lava Lift
18%
SMB, SMB3, SMW & NSMBU Variant Unchained Chomp
18%
SMB, SMB3, SMW & NSMBU Variant Angry Wiggler
15%
3DW Hop-Chops
15%
3DW Variant Spiny Skipsqueak
15%
Variant Bull's-Eye Banzai
13%
Variant Fast Conveyor Belt
13%
3DW Track Block
13%
3DW Warp Box (With Key)
13%
3DW Cloud Lift
10%
P Warp Door
10%
SMB, SMB3, SMW & NSMBU Fast Lava Lift
8%
3DW Horned Ant Trooper
5%
SMB, SMB3, SMW & NSMBU Spike Pillar
3%
No matching quizzes found
Score Distribution
Percent of People with Each Score
Percentile by Number Answered
Your Score History
You have not taken this quiz